000 00311nam a2200145Ia 4500
100 _aDighe/S.D/ Patkar/N.G
650 _aGeneral
490 _v1
942 _cBK
245 _aEducational Law Reporter Vol.1
260 _bAkshar Prakashan
_aLondon
_c1965
300 _a182
546 _aENGLISH
999 _c21891
_d21891